| 000 | 00658nam a22002291 4500 | ||
|---|---|---|---|
| 001 | 15576 | ||
| 003 | BD-RjUL | ||
| 005 | 20211208235840.0 | ||
| 008 | 140210s1962 maua b 001 0 eng | ||
| 035 | _a(BD-RjUL)15631 | ||
| 040 |
_aDLC _cDLC _dDLC _dBD-RjUL _beng |
||
| 041 | _aeng | ||
| 082 | 0 | 0 |
_a658 _bHAP 1962 |
| 100 | 1 |
_aHaimann, Theo. _946008 |
|
| 245 | 1 | 0 |
_aProfessional management : _btheory and practice / _cTheo Haimann |
| 260 |
_aBoston : _bHoughton Mifflin, _cc1962. |
||
| 300 |
_ax, 556 p. : _bill. ; _c25 cm. |
||
| 504 | _aIncludes bibliography and index. | ||
| 650 | 0 |
_aIndustrial management. _948358 |
|
| 942 |
_2ddc _cBK |
||
| 999 |
_c15576 _d15576 |
||